00270nam a2200097Ia 4500001000800000005001700008008004100025020001800066245006400084260002400148126113120260417140346.0260417s9999 xx 000 0 und d a9786051858210 0aAşk İmiş Her Ne Var AlemdecAbdülhak Şinasi Hisar bEverest Yayınları